Estudio de los procedimientos de tramitación y concesión de créditos en las entidades autorizadas del sistema financiero nacional para la vivienda
Gespeichert in:
| 1. Verfasser: | |
|---|---|
| Weitere Verfasser: | |
| Format: | Buch |
| Veröffentlicht: |
[San José , Costa Rica]
1989
|
| Schlagworte: | |
| Tags: |
Tag hinzufügen
Keine Tags, Fügen Sie den ersten Tag hinzu!
|
MARC
| LEADER | 00000nam a2200000Ia 4500 | ||
|---|---|---|---|
| 003 | 007314 | ||
| 005 | 20221231144306.0 | ||
| 008 | 140114s1989 cr a m 000 ||s d | ||
| 040 | |c cru CEDI | ||
| 090 | |a TFG 3045 | ||
| 100 | |a Befeler I., Mark |9 11425 | ||
| 245 | |a Estudio de los procedimientos de tramitación y concesión de créditos en las entidades autorizadas del sistema financiero nacional para la vivienda | ||
| 260 | |c 1989 |a [San José , Costa Rica] | ||
| 300 | |a xviii, 347 hojas : ilustraciones | ||
| 500 | |a Proyecto de graduación (licenciatura en ingeniería industrial)--Universidad de Costa Rica. Facultad de Ingeniería. Escuela de Ingeniería Industrial | ||
| 650 | |x PRESTAMO HIPOTECARIO - COSTA RICA |x CREDITO HIPOTECARIO - COSTA RICA |x INSTITUCIONES FINANCIERAS - COSTA RICA |x VIVIENDA |x FINANCIACION |9 11533 | ||
| 700 | |9 11532 |a Echandi Ch, Arturo | ||
| 942 | |c TFG | ||
| 999 | |c 19696 |d 19696 | ||
